000 00287nam a22001337a 4500
020 _a978-0415077613
041 _aENG
100 _aBarry.R.G
245 _aAtmosphere,Weather And Climate
260 _aNew york
_bRoutledge
_c1996
300 _a421
650 _aSWCE
856 _uSWCE
999 _c2430
_d2430